FORMUŁA 1 ROZSZERZONY QUIZ: mistrzowie, zespoły, opony, tory, kierowcy - Statystyki

Ogólne statystyki
  • Ten quiz został rozwiązany 1 029 razy
  • Średni wynik to 65 z 159
Statystyki odpowiedzi
Rok Kierowca % Poprawnych
2008; 2014; 2015; 2017; 2018; 2019; 2020 Lewis Hamilton
94%
2021; 2022; 2023 Max Verstappen
92%
2005; 2006 Fernando Alonso
88%
1994; 1995; 2000; 2001; 2002; 2003; 2004 Michael Schumacher
88%
2010; 2011; 2012; 2013 Sebastian Vettel
88%
Mick Schumacher
86%
Racing Point | Red Bull | Renault
85%
1988; 1990; 1991 Ayrton Senna
84%
Wielka Brytania
84%
Niemcy
83%
Maserati | Matra | McLaren | Mercedes
82%
2016 Nico Rosberg
81%
1982 Keke Rosberg
80%
2007 Kimi Raikkonen
80%
Ferrari | Force India
78%
Holandia
77%
1985; 1986; 1989; 1993 Alain Prost
76%
Brazylia
76%
Włochy Autodromo Enzo e Dino Ferrari
75%
Hiszpania
75%
Włochy
74%
2009 Jenson Button
73%
Alfa Romeo | Alpha Tauri | Alpine | Aston Martin
72%
BMW | BMW Sauber | Brabham | Bugatti
70%
Francja
69%
1975; 1977; 1984 Niki Lauda
68%
Austria
66%
1951; 1954; 1955; 1956; 1957 Juan Manuel Fangio
66%
Pirelli
66%
Australia
65%
Stany Zjednoczone
65%
1998; 1999 Mika Hakkinen
64%
Finlandia
63%
Argentyna
61%
1996 Damon Hill
61%
1961 Phil Hill
61%
1962; 1968 Graham Hill
60%
Williams
59%
Haas | Honda
57%
Kanada
56%
Austria Red Bull Ring
54%
Autodromo Nazionale di Monza
51%
Charles Leclerc
51%
Lando Norris
50%
1992 Nigel Mansell
50%
1952; 1953 Alberto Ascari
49%
Michelin
49%
Carlos Sainz
48%
Kanada Circuit Gilles Villeneuve
48%
1950 Giuseppe Farina
48%
Pierre Gasly
48%
Valtteri Bottas
48%
1997 Jacques Villeneuve
47%
Sergio Perez
47%
1981; 1983; 1987 Nelson Piquet
46%
Robert Kubica
46%
Belgia
45%
Esteban Ocon
45%
George Russell
45%
1976 James Hunt
45%
Toro Rosso | Toyota | Tyrrell
45%
1959; 1960; 1966 Jack Brabham
44%
Japonia
43%
Nico Hulkenberg
43%
Oscar Piastri
43%
Południowa Afryka
43%
Alexander Albon
42%
Daniel Ricciardo
42%
Kevin Magnussen
42%
Sauber
40%
Chiny
39%
1969; 1971; 1973 Jackie Stewart
39%
Monako
39%
Yuki Tsunoda
39%
Bridgestone
38%
1972; 1974 Emerson Fittipaldi
38%
Lance Stroll
38%
Bahrajn
37%
Meksyk
37%
Rosja
36%
Arabia Saudyjska
35%
1963; 1965 Jim Clark
35%
Nikita Mazepin
35%
Holandia Circuit Park Zandvoort
34%
Guanyu Zhou
34%
Katar
33%
Lotus | Lola | Ligier
33%
Nicholas Latifi
33%
Portugalia
33%
Nowa Zelandia
32%
Węgry
32%
Albert Park Circuit
31%
Wielka Brytania Silverstone Circuit
31%
Singapur
31%
Australia Adelaide Street Circuit
30%
Azerbejdżan
30%
Bahrain International Circuit
30%
Baku City Circuit
30%
Buddh International Circuit
30%
Jeddah Corniche Circuit
30%
Korea International Circuit
30%
Las Vegas Street Circuit
30%
Losail International Circuit
30%
Marina Bay Street Circuit
30%
Mugello Circuit
30%
Sepang International Circuit
30%
Shanghai International Circuit
30%
Valencia Street Circuit
30%
Yas Marina Circuit
30%
Zjednoczone Emiraty Arabskie
30%
Jaguar | Jordan
29%
Logan Sargeant
29%
Malezja
29%
1978 Mario Andretti
29%
Hiszpania Circuit de Barcelona Catalunya
27%
1970 Jochen Rindt
27%
1979 Jody Scheckter
27%
Nurburgring
27%
1980 Alan Jones
26%
Indie
26%
Romain Grosjean
26%
Circuit Paul Ricard
24%
Liam Lawson
24%
Turcja
24%
Korea Południowa
23%
1958 Mike Hawthorn
23%
Nyck de Vries
23%
Antonio Giovinazzi
22%
Niemcy Hockenheimring
22%
1964 John Surtees
22%
Stany Zjednoczone Circuit of the Americas
21%
1967 Denny Hulme
21%
Goodyear
21%
Hungaroring
21%
Sochi Autodrom
17%
Coloni | Cooper | Copersucar
13%
Continental
13%
Porsche
13%
Brazylia Autodromo Jose Carlos Pace
12%
Circuit de Monaco
12%
Circuit de Spa Francorchamps
12%
Daniił Kwiat
12%
Firestone
12%
Dunlop
11%
Francja Circuit de Nevers Magny Cours
10%
Dallara | De Tomaso
9%
Miami International Autodrome
9%
Autodromo Hermanos Rodriguez
7%
Eagle | Ensign | EuroBrun
7%
Indianapolis Motor Speedway
6%
Istanbul Park
6%
Suzuka International Racing Course
6%
Englebert
5%
Fuji International Speedway
5%
Iso-Marlboro
5%
Onyx | Osella
5%
Gilby | Gordini
4%
Kurtis Kraft
3%
Autodromo Internacional do Algarve
2%
Nie znaleziono quizów pasujących do podanych kryteriów
Rozkład punktacji
Procent ludzi z każdym wynikiem
Percentyl według liczby udzielonych odpowiedzi
Twoja historia wyników
Nie rozwiązałeś tego quizu